En lien avec Game of Thrones (Mort subite) - Statistiques

Statistiques générales
  • Ce quiz a été pris 2 461 fois
  • Le résultat moyen est 18 sur 25
Answers on the Grid
Answers color-coded by a green-red scale on the quiz's grid according to % correct below.
Winterfell
L'Hiver vient
Emilia Clarke
Joffrey Baratheon
Westeros
Dothrakis
Les Immaculés
Les Marcheurs Blancs
Littlefinger
Iles de Fer
Port-Réal
Nymeria
Dracarys
Les Cités Libres
Diana Rigg
Acier Valyrien
Aiguille
Le Mur
Dorne
Les Jumeaux
La Montagne
Le Lait de Pavot
Les Sauvageons
La Corneille à trois yeux
Le Régicide
Tyrion Lannister ne boit que de l'eau
La Terre du Milieu
Le Dome
Northumbrie
Thor
Walter White
Les Sauveurs
L'Ile Mystérieuse
Rachel Green
Alexandria
Dr Baker
Quidditch
Excalibur
Le Labyrinthe
Le Valhalla
 
Statistiques - réponses
Réponse % Correct
Winterfell
81%
Joffrey Baratheon
79%
Le Mur
79%
Dracarys
78%
Port-Réal
78%
Westeros
78%
Dothrakis
77%
Les Marcheurs Blancs
77%
L'Hiver vient
77%
Littlefinger
77%
Iles de Fer
76%
La Corneille à trois yeux
76%
Le Régicide
76%
Acier Valyrien
75%
La Montagne
75%
Les Sauvageons
75%
Emilia Clarke
73%
Dorne
71%
Les Immaculés
69%
Aiguille
65%
Nymeria
60%
Les Cités Libres
59%
Le Lait de Pavot
56%
Les Jumeaux
55%
Diana Rigg
15%
Aucun quiz correspondant
Distribution des résultats
% des personnes avec chaque résultat
Percentile par nombre de réponses
Votre historique - résultats
Vous n’avez pas pris ce quiz